000 004590000a22001810004500
003 MACL
005 20150830160235.0
008 150830b xxu||||| |||| 00| 0 eng d
040 _aMACL
_cMACL
041 _aEnglish
082 _a794/SIK
100 _aSikdar, Niharendu
_97896
245 _aSeven Is The Limit
_bMiniature Chess Problems
260 _bNaya Prokash
_c1989
_aCalcutta
350 _a125
650 _aGames & Skills
_98062
942 _cBK
_k794
_2ddc
999 _c6311
_d6311